Normal view MARC view

Entry Personal Name

Number of records used in: 1

001 - CONTROL NUMBER

  • control field: 14472

003 - CONTROL NUMBER IDENTIFIER

  • control field: TZ-ArACH

005 - DATE AND TIME OF LATEST TRANSACTION

  • control field: 20140912101534.0

008 - FIXED-LENGTH DATA ELEMENTS

  • fixed length control field: 140912|||a|||||| | ||| d

040 ## - CATALOGING SOURCE

  • Original cataloging agency: TZ-ArACH
  • Transcribing agency: TZ-ArACH

100 ## - HEADING--PERSONAL NAME

  • Personal name: Kassas, Simon.

670 ## - SOURCE DATA FOUND

  • Source citation: Work cat.: (TZ-ArACH)2927: Kassas, Simon., Droits de l'homme et Islam, 2011.

670 ## - SOURCE DATA FOUND

  • Source citation: Work cat.: (TZ-ArACH)2927: Kassas, Simon., Droits de l'homme et Islam, 2011.

African Court on Human and Peoples' Rights | For Inquiries Contact » +255 272 510 510